| 000 | 00504nam a22001817a 4500 | ||
|---|---|---|---|
| 003 | NUST - PNEC | ||
| 005 | 20170116181155.0 | ||
| 008 | 150908b xxu||||| |||| 00| 0 eng d | ||
| 020 | _a- | ||
| 040 | _cLIBRARY | ||
| 082 | _a891.4393 ASH | ||
| 100 |
_99154 _aAshfaq Hussain, Colonel |
||
| 245 |
_aGentleman Alhamdulillah _cMajor Ashfaq Hussain |
||
| 260 |
_c1996-2015 _aLahore: _bIdara Matboaat Sulemani; |
||
| 300 | _a220 pages | ||
| 650 |
_99153 _aGeneral book _vUrdu literature |
||
| 942 |
_2ddc _cBK |
||
| 999 |
_c71188 _d71188 |
||